000 00440cam a2200181 4500
001 D7832
008 090401t1980 xxu||||| |||| 00| 0 eng d
035 _a(Sirsi) u9717
041 _aeng
050 _a725.84
100 _aPerrin, Gerald A
245 _aSports halls and swimming pools: a design and briefing guide
260 _bSpon
_c1980
300 _aviii. 210p. ill. 25cm
350 _a16.5
942 _n0
948 _c04/03/1997
999 _c86654
_d86654